| 000 | 01366nam a2200301Ia 4500 | ||
|---|---|---|---|
| 000 | nam a22 i 4500 | ||
| 001 | UNACH-9565 | ||
| 007 | ta | ||
| 008 | 221212s ||||fr|||| 00| | spa d | ||
| 020 | _a978-968-247-457-6 | ||
| 041 | 0 | _aspa | |
| 082 | 0 | 4 |
_a37.013 _bPedagogía |
| 100 | 1 |
_aLópez López, Víctor Manuel, _eautor |
|
| 240 | 1 | 0 | _aOrigen, precisiones conceptuales y metodología operariva |
| 245 | 1 | 0 | _aSustentabilidad y desarrollo sustentable |
| 264 | 3 | 1 |
_a[México D.F.] : _aMéxico : _bEditorial Trillas, _c2008 |
| 300 |
_a220 páginas : _btablas, mapas, ilustraciones |
||
| 336 |
_atexto _btxt _2rdacontent |
||
| 337 |
_ano mediado _bn _2rdamedia |
||
| 338 |
_avolumen _bnc _2rdacarrier |
||
| 504 | _aIncluye Índice de contenido, Prólogo, Presentación, Abreviaturas, Introducción, Bibliografía, Índice onomástica, Índice analítico. | ||
| 505 | 0 | _aOrigen y evolución.-- El debate semántico y operativo.-- Entropía.- Métodos y técnicas para la sustentabilidad.-- Operatividad de la sustentabilidad.-- Planificación y diseño de proyectos sustentables, Ejecución del proyecto.-- Reciclaje de edificios.-- Variables regionales e indicadores de sustentabilidad, Aplicación de los indicadores de sustentabilidad. | |
| 650 | 1 | 4 | _aTecnicas |
| 650 | 2 | 4 | _aMÉTODOS |
| 650 | 2 | 4 | _aSUSTENTABILIDAD |
| 942 |
_2ddc _c1 _n0 |
||
| 999 |
_c7780 _d7780 |
||